Sports Quiz

Random Sports or NFL Quiz

Matt Millen Picks Quiz Stats

 Plays Quiz Updated Dec 9, 2018

Support Sporcle.
Go Orange.
Score 0/9 Timer 02:00
0 Plays Today
Year Name % Correct
2007Calvin Johnson
84.4%
2004Roy Williams
80.1%
2005Mike Williams
79.6%
2003Charles Rogers
64%
2002Joey Harrington
63.7%
2004Kevin Jones
31.3%
2006Ernie Sims
27.8%
2008Gosder Cherilus
14.8%
2001Jeff Backus
14.3%

From the Vault

Over 50 Years of Writing

by Flick

Seems like you'd get some hand cramps after a while.
Remove Ads.
Support Sporcle.
Get the best of Sporcle when you Go Orange. This ad-free experience offers more features, more stats, and more fun while also helping to support Sporcle. Thank you for becoming a member.

Show Comments

Extras

Top Quizzes Today


Score Distribution

Your Account Isn't Verified!

In order to create a playlist on Sporcle, you need to verify the email address you used during registration. Go to your Sporcle Settings to finish the process.

Report this User

Report this user for behavior that violates our Community Guidelines.

Details: